| 000 | 01340cam a2200433 4500 | ||
|---|---|---|---|
| 008 | 031028n2003 000 0 eng u | ||
| 020 | _a0199260486 | ||
| 035 | _a(Sirsi) u124085 | ||
| 041 | _aeng | ||
| 050 |
_a346.41043 _c18 |
||
| 100 | _aThompson, Mark | ||
| 245 | _aModern land law | ||
| 250 | _a2nd ed. | ||
| 260 |
_aOxford _bOxford University Press _c2003 |
||
| 300 |
_axliv, 533p. _c25cm |
||
| 350 | _a24.99 | ||
| 520 | _aUpdated edition with coverage of the Land Registration Act 2002, electronic conveyancing, developments in the law of mortgages with particular reference to "Royal Bank of Scotland v Etridge" ([2001] UKHL 44, X124433) and consideration of the impact of the Human Rights Act 1998. | ||
| 650 | _aLAND TENURE | ||
| 650 | _aESTATES | ||
| 650 | _aLAW | ||
| 650 | _aEQUITY | ||
| 650 | _aLAND REGISTRATION ACT 1925 | ||
| 650 | _aLAND REGISTRATION ACT 2002 | ||
| 650 | _aTITLE REGISTRATION | ||
| 650 | _aTRANSFER OF LAND | ||
| 650 | _aFREEHOLD LAND | ||
| 650 | _aPOSSESSORY TITLE | ||
| 650 | _aCO-OWNERSHIP | ||
| 650 | _aMORTGAGES | ||
| 650 | _aEASEMENTS | ||
| 650 | _aCOVENANTS | ||
| 650 | _aLICENCES | ||
| 650 | _aESTOPPEL | ||
| 650 | _aECONVEYANCING | ||
| 650 | _aROYAL BANK OF SCOTLAND V ETRIDGE | ||
| 650 | _aHUMAN RIGHTS ACT 1998 | ||
| 690 | _aPROPERTY | ||
| 942 | _n0 | ||
| 999 |
_c103137 _d103137 |
||